Представление документа в формате RUSMARC

Поле Инд. ПП Название Значение
Тип записи a
Библиографический уровень a
001 Контрольный номер 6de6d86c7e8249b09bac3ad472f846a7
005 Дата корректировки 20181120134534.1
100 a Данные общей обработки 20180605 ||| 0rusy0189 ca
101 0_ a Язык текста rus
102 a Страна публикации RU
200 1_ f Первые сведения об ответственности А.Ф. Мещерякова
a Заглавие Проблемы повышения эффективности деятельности мировых судей в условиях реформирования судебной системы России
210 d Дата издания 2018
461 _0 1 2000
a Арбитражный и гражданский процесс
463 _0 1 2000
a №3
v С. 17-21
1 2101
d 2018
1 001917e36f2911e4c38ab6abd01ac5e31f9
606 a Основная рубрика Суд
610 0_ a Ключевые слова МИРОВЫЕ СУДЬИ; ОРГАНИЗАЦИЯ СУДЕБНОЙ ДЕЯТЕЛЬНОСТИ
700 _1 a Фамилия Мещерякова
b Имя А.Ф.
801 _0 a Страна RU
b Организация РГУП
c Дата составления 20180605
g Правила каталогизации PSBO
801 _1 a Страна RU
b Организация РГУП
c Дата составления 20180605
g Правила каталогизации PSBO
901 t Тип документа b
w Контрольный № источника 917e36f2911e4c38ab6abd01ac5e31f9
905 a Дата ввода 20180605